MARC details
| 000 -CABECERA |
| campo de control de longitud fija |
02652cam a2200301 i 4500 |
| 001 - NÚMERO DE CONTROL |
| campo de control |
14873639 |
| 005 - FECHA Y HORA DE LA ÚLTIMA TRANSACCIÓN |
| campo de control |
20250616110857.0 |
| 008 - DATOS DE LONGITUD FIJA--INFORMACIÓN GENERAL |
| campo de control de longitud fija |
190328s2020 enka b 001 0 eng |
| 010 ## - NÚMERO DE CONTROL DE LA BIBLIOTECA DEL CONGRESO |
| Número de control de LC |
2019014898 |
| 020 ## - NÚMERO INTERNACIONAL ESTÁNDAR DEL LIBRO |
| Número Internacional Estándar del Libro |
9781509529308 |
| Información calificativa |
hardcover |
| 035 ## - NÚMERO DE CONTROL DEL SISTEMA |
| Número de control de sistema |
(DLC) 2019014898 |
| 035 ## - NÚMERO DE CONTROL DEL SISTEMA |
| Número de control de sistema |
14873639 |
| 040 ## - FUENTE DE LA CATALOGACIÓN |
| Centro catalogador/agencia de origen |
DLC |
| Lengua de catalogación |
eng |
| Normas de descripción |
rda |
| Centro/agencia transcriptor |
DLC |
| Centro/agencia modificador |
OCLCO |
| -- |
BDX |
| -- |
OCLCF |
| -- |
CHVBK |
| -- |
OCLCO |
| -- |
OCLCQ |
| -- |
YDX |
| -- |
OCLCO |
| -- |
FIE |
| 041 ## - CÓDIGO DE LENGUA |
| Código de lengua del texto/banda sonora o título independiente |
eng |
| 042 ## - CÃDIGO DE AUTENTICACIÃN |
| Código de autenticación |
pcc |
| 050 00 - SIGNATURA TOPOGRÁFICA DE LA BIBLIOTECA DEL CONGRESO |
| Número de clasificación |
HM742 |
| Número de documento/Ítem |
.V45 2020 |
| 100 ## - ENTRADA PRINCIPAL--NOMBRE DE PERSONA |
| Nombre de persona |
Veltri, Giuseppe A., |
| Término indicativo de función/relación |
author. |
| Número de control del registro de autoridad o número normalizado |
http://id.loc.gov/authorities/names/n2009047720 |
| 9 (RLIN) |
25424 |
| 245 10 - MENCIÓN DE TÍTULO |
| Título |
Digital social research |
| Mención de responsabilidad, etc. |
/ Giuseppe A. Veltri. |
| 264 #1 - PRODUCCIÓN, PUBLICACIÓN, DISTRIBUCIÓN, FABRICACIÓN Y COPYRIGHT |
| Producción, publicación, distribución, fabricación y copyright |
Cambridge, UK ; |
| -- |
Medford, MA : |
| Nombre del de productor, editor, distribuidor, fabricante |
Polity Press, |
| Fecha de producción, publicación, distribución, fabricación o copyright |
2020. |
| 300 ## - DESCRIPCIÓN FÍSICA |
| Extensión |
xiv, 231 pages ; |
| Dimensiones |
24 cm |
| 504 ## - NOTA DE BIBLIOGRAFÍA, ETC. |
| Nota de bibliografía, etc. |
Includes bibliographical references and index. |
| 505 0# - NOTA DE CONTENIDO CON FORMATO |
| Nota de contenido con formato |
Social research using digital data and methods —<br/>Unobtrusive vs obtrusive methods —<br/>Online obtrusive data collection methods —<br/>Quantitative data analysis reloaded —<br/>Networks and data —<br/>Text mining —<br/>Final remarks —<br/>References. |
| 520 ## - SUMARIO, ETC. |
| Sumario, etc. |
To analyse social and behavioral phenomena in our digitalized world, it's necessary to understand the main research opportunities and challenges specific to online and digital social research. This book presents an overview of the many techniques that are part of the fundamental toolbox of the digital social scientist. Placing online methods within the wider tradition of social research methods, Giuseppe Veltri discusses the methodological principles and related frameworks that underlie each technique of digital research. This useful guide covers methodological issues such as different digital data types, sampling for big data, construct validity, and representativeness. It looks at different forms of unobtrusive data collection methods (web scraping, social media mining) as well as obtrusive methods (qualitative methods, web surveys, and experiments). Special attention is given to three key analytical approaches, explored in more detail: computational approaches to statistical analysis, text mining, and network analysis. Digital Social Research Methods will be a welcome and essential resource for students and researchers across the social sciences and humanities carrying out digital research or interested in the future of social research. -- |
| Fuente proveedora |
Provided by publisher. |
| 650 #0 - PUNTO DE ACCESO ADICIONAL DE MATERIA--TÉRMINO DE MATERIA |
| Término de materia o nombre geográfico como elemento de entrada |
Social media |
| Subdivisión general |
Research. |
| 650 #0 - PUNTO DE ACCESO ADICIONAL DE MATERIA--TÉRMINO DE MATERIA |
| Término de materia o nombre geográfico como elemento de entrada |
Social sciences |
| Subdivisión general |
Research |
| -- |
Data processing |
| Número de control del registro de autoridad o número normalizado |
http://id.loc.gov/authorities/subjects/sh2010113688 |
| 9 (RLIN) |
12287 |
| 650 #0 - PUNTO DE ACCESO ADICIONAL DE MATERIA--TÉRMINO DE MATERIA |
| Término de materia o nombre geográfico como elemento de entrada |
Social sciences |
| Subdivisión general |
Research |
| -- |
Methodology |
| Número de control del registro de autoridad o número normalizado |
http://id.loc.gov/authorities/subjects/sh2008111864 |
| 9 (RLIN) |
4388 |
| 942 ## - ELEMENTOS DE ENTRADA AGREGADA (KOHA) |
| Fuente del sistema de clasificación o colocación |
Clasificación de Library of Congress |